Tirumurai Glimpses in to Tamil Saiva Poetry (Record no. 43100)

MARC details
000 -LEADER
fixed length control field 00328nam a2200121Ia 4500
008 - FIXED-LENGTH DATA ELEMENTS--GENERAL INFORMATION
fixed length control field 241028s9999 xx 000 0 und d
041 ## - LANGUAGE CODE
Language code of text/sound track or separate title eng
082 ## - DEWEY DECIMAL CLASSIFICATION NUMBER
Classification number 823 NAR
100 ## - MAIN ENTRY--PERSONAL NAME
Personal name Narayanan, Sharada
245 ## - TITLE STATEMENT
Title Tirumurai Glimpses in to Tamil Saiva Poetry
260 ## - PUBLICATION, DISTRIBUTION, ETC.
Name of publisher, distributor, etc. Ambika Aksharavali
Place of publication, distribution, etc. Chennai
Date of publication, distribution, etc. 2021
300 ## - PHYSICAL DESCRIPTION
Extent 358;. P. 24 cm
Holdings
Withdrawn status Lost status Damaged status Not for loan Home library Current library Shelving location Date acquired Total Checkouts Full call number Barcode Date last seen Date last checked out Cost, replacement price Price effective from Koha item type
        IMTN IMTN Rack 39-B 01/25/2024 1 823 NAR 33529 03/19/2025 12/03/2024 1200.00 10/28/2024 Books
Designed & Maintained by: LRC IMT Nagpur Contact: lrc@imtnag.ac.in© 2024. All Rights Reserved.